00000000nam##2200000za#4500
0019.664690
003CaOODSP
00520210615121758
007ta
008150407|1960||||xxc|||||     f|0| 0 fre|d
040 |aCaOODSP|bfre
041 |aeng
041 |afre
043 |an-cn---
0861 |aCH37-4/4-1960
1101 |aCanada.|bPatrimoine canadien. |bDirection des droits de la personne.
24510|aDéclaration canadienne des droits
260 |aOttawa - Ontario : |bPatrimoine canadien. |c1960.
300 |a1 feuille. ; |c28 cm.
563 |aAffiche
590 |a03-19|b2003-05-09
69107|aDroits de la personne|2gcpds
7760#|tCanadian Bill of Rights |w(CaOODSP)9.648910
7760#|tDéclaration canadienne des droits |w(CaOODSP)9.682162
791 |tCanadian Bill of Rights |eeng|w(CaOODSP)9.664689